From antiquity to modernity: The comprehensive history of Indian army (Record no. 393745)

MARC details
000 -LEADER
fixed length control field 00563 a2200205 4500
005 - DATE & TIME
control field 20260130163608.0
008 - FIXED-LENGTH DATA ELEMENTS--GENERAL INFORMATION
fixed length control field 260129b |||||||| |||| 00| 0 eng d
020 ## - ISBN
International Standard Book Number 9789359261478
Price Rs. 1695.00
040 ## - CATALOGING SOURCE
Original cataloging agency VIVEKANANDA LIBRARY
082 ## - DDC NUMBER
Classification number 355.00954
Book Number S55F
100 ## - MAIN ENTRY--PERSONAL NAME
Personal name Sen, Abhijit
245 ## - TITLE STATEMENT
Title From antiquity to modernity: The comprehensive history of Indian army
260 ## - PUBLICATION, DISTRIBUTION, ETC. (IMPRINT)
Name of publisher, distributor, etc Kitabwallah
Date of publication, distribution, etc 2025
Place of publication, distribution, etc New Delhi
300 ## - PHYSICAL DESCRIPTION
Pages vi, 256
650 ## - Subject
Subject Military Science
650 ## - Subject
Subject Military History
650 ## - Subject
Subject Historical Treatment
650 ## - Subject
Subject India
942 ## - ADDED ENTRY ELEMENTS (KOHA)
Koha item type Books
Holdings
Withdrawn status Lost status Source of classification or shelving scheme Damaged status Not for loan Location (home branch) Sublocation or collection (holding branch) Shelving location Date acquired Koha issues (times borrowed) Koha full call number Accession No. Koha date last seen Koha item type
    Dewey Decimal Classification     VIVEKANANDA LIBRARY VIVEKANANDA LIBRARY Vivekananda Library 03/12/2025   355.00954 S55F 443363 03/12/2025 Books
© Designed and Maintained by Vivekananda Library, MDU Rohtak